00887 a2200181 45000010006000000050017000060080041000230030015000640400040000790800020001192450087001392500012002262640051002383000019002895050357003081000019006657000021006845951020260407155849.0260407a1955 arg spa dAR-UNSa-BCEJYS aAR-UNSa-BCEJYSbspacAR-UNSa-BCEJYS a330.14xCapital10aProblema de formación de capital en los países insuficientemente desarrollados a2a. ed. 1aMéxico :bFondo de Cultura Económicac1955 a172 p.c22 cm. a1. La magnitud del mercado y el estímulo a la inversión – 2. Población y oferta de capital – 3. El nivel de vida y la capacidad de ahorro – 4. Fuentes externas de capital – 5. Política comercial y formación de capital – 6. Tendencias recientes en la teoría de los movimientos internacionales de capital – 7. Las medidas internas1 aNurkse, Ragnar1 aChávez, Martha